书目信息 |
| 题名: |
论争与建构
|
|
| 作者: | 鞠玉翠 著 | |
| 分册: | ||
| 出版信息: | 济南 山东教育出版社 2011.02 |
|
| 页数: | 15,331页 | |
| 开本: | 24cm | |
| 丛书名: | 转型期西方教育理论与实践丛书 | |
| 单 册: | ||
| 中图分类: | G511(195.6) | |
| 科图分类: | ||
| 主题词: | 教育改革--教师主导作用--西方国家 , 教育改革 , 教师主导作用 | |
| 电子资源: | ||
| ISBN: | 978-7-5328-6268-9 | |
| 000 | 01166oam2 2200289 45 | |
| 001 | 512 | |
| 005 | 20120531162927.54 | |
| 010 | @a978-7-5328-6268-9@dCNY47.00 | |
| 100 | @a20120328d2011 em y0chiy50 ea | |
| 101 | 0 | @achi |
| 102 | @aCN@b370000 | |
| 105 | @ay z 000yy | |
| 106 | @ar | |
| 200 | 1 | @a论争与建构@ALun Zheng Yu Jian Gou@e西方教师教育变革关键词及启示@EXi Fang Jiao Shi Jiao Yu Bian Ge Guan Jian Ci Ji Qi Shi@f鞠玉翠著@FJu Yu Cui Zhu |
| 210 | @a济南@c山东教育出版社@d2011.02 | |
| 215 | @a15,331页@d24cm | |
| 225 | 2 | @a转型期西方教育理论与实践丛书@f陆有铨主编 |
| 330 | @a本书共分为七章,内容包括“解制、专业化和社会正义:教师教育基本取向之争”,“市场化:资源配置方式的变革”,“问责:教师教育的结果监控”,“标准和认证:教师教育的导向与资格鉴定”等。 | |
| 461 | 0 | @12001 @a转型期西方教育理论与实践丛书 |
| 517 | 1 | @a西方教师教育变革关键词及启示@AXi Fang Jiao Shi Jiao Yu Bian Ge Guan Jian Ci Ji Qi Shi |
| 606 | 0 | @a教育改革@x教师主导作用@x西方国家 |
| 606 | 0 | @a教育改革 |
| 606 | 0 | @a教师主导作用 |
| 690 | @aG511(195.6)@v4 | |
| 701 | 0 | @a鞠玉翠@AJu Yu Cui@4著 |
| 801 | 0 | @aCN@bTSTCL@c20120328 |
| 905 | @b0812295-99@dG511(195.6)@e73@f5 | |
| 论争与建构:西方教师教育变革关键词及启示/鞠玉翠著.-济南:山东教育出版社,2011.02 |
| 15,331页;24cm.-(转型期西方教育理论与实践丛书/陆有铨主编) |
| ISBN 978-7-5328-6268-9:CNY47.00 |
| 本书共分为七章,内容包括“解制、专业化和社会正义:教师教育基本取向之争”,“市场化:资源配置方式的变革”,“问责:教师教育的结果监控”,“标准和认证:教师教育的导向与资格鉴定”等。 |
| ● |
| 相关链接 |
|
|
|
|
正题名:论争与建构
索取号:G511(195.6)/73
 
预约/预借
| 序号 | 登录号 | 条形码 | 馆藏地/架位号 | 状态 | 备注 |
| 1 | 0812295 | 208122958 | 第一样本阅览室/ [索取号:G511(195.6)/73] | 在馆 | |
| 2 | 0812296 | 208122967 | 第四借阅区/ [索取号:G511(195.6)/73] | 在馆 | |
| 3 | 0812297 | 208122976 | 第四借阅区/ [索取号:G511(195.6)/73] | 在馆 | |
| 4 | 0812298 | 208122985 | 第四借阅区/ [索取号:G511(195.6)/73] | 在馆 | |
| 5 | 0812299 | 208122994 | 第四借阅区/ [索取号:G511(195.6)/73] | 在馆 |